|
|
|
|
| LEADER |
00000nam a2200000 a 4500 |
| 001 |
vtls001288387 |
| 003 |
SK-MaSNL |
| 005 |
20260311194250.0 |
| 008 |
240315s1956 xx 0 und |
| 035 |
|
|
|a SNK000239985
|
| 040 |
|
|
|a SNK
|b slo
|c SNK
|e AACR2
|
| 100 |
|
|
|a Čajka, Josef,
|d 1919-2009
|4 aut
|9 1634685
|
| 245 |
1 |
|
|a Výpočet základních vysokofrekvenčných obvodů
|
| 260 |
|
|
|a Praha
|b Státní nakladatelství technické literatury
|c 1956
|
| 300 |
|
|
|a 186 s.
|
| 999 |
|
|
|c 628586
|d 630516
|
| 952 |
|
|
|t P60, <04>, [BOOK], {604}
|a SNK
|b SNK
|y VYP
|7 0
|p 17A0068551
|o snkIC 14611
|0 0
|1 0
|4 0
|d 1997-05-27
|l 0
|r 2005-01-02 00:00:00
|w 2026-02-23
|